[Event "Andujar op"]
[Site "Andujar"]
[Date "2025.06.30"]
[Round "6"]
[White "Bernabeu Lopez, Carlos Javier"]
[Black "Brodowski, Piotr"]
[Result "1/2-1/2"]
[WhiteElo "2402"]
[BlackElo "2452"]
[PlyCount "172"]
[EventDate "2025.06.27"]
[EventType "swiss"]
[EventRounds "9"]
[EventCountry "ESP"]
[SourceTitle "CB28_2025"]
[SourceDate "2025.07.09"]
[SourceVersion "1"]
[SourceVersionDate "2025.07.09"]
[SourceQuality "1"]

1. d4 Nf6 2. c4 e6 3. Nf3 b6 4. g3 Bb7 5. Bg2 Be7 6. 0-0 0-0 7. Nc3 Ne4 8. Qc2 Nxc3 9. Qxc3 Be4 10. Ne5 Bxg2 11. Kxg2 Qc8 12. Qf3 c6 13. Bf4 d6 14. Nd3 Qb7 15. Rac1 a5 16. e4 Nd7 17. h4 Rfc8 18. Bg5 Bf8 19. e5 d5 20. cxd5 cxd5 21. h5 Rxc1 22. Bxc1 Rc8 23. h6 g6 24. Rh1 Nb8 25. Be3 Qd7 26. Nf4 Qa4 27. Qg4 Rc6 28. Nh5 Nd7 29. Qg5 Rc8 30. Rh4 Qd1 31. Nf6+ Nxf6 32. Qxf6 Qa4 33. b3 Qd7 34. Rh1 Rc2 35. Rc1 Rxc1 36. Bxc1 Qe7 37. Bg5 Qxf6 38. Bxf6 b5 39. Bg5 Ba3 40. Be3 f6 41. exf6 Kf7 42. g4 Kxf6 43. f4 g5 44. fxg5+ Kg6 45. Kg3 a4 46. bxa4 bxa4 47. Bf4 Be7 48. Kh4 Bd8 49. Bc1 Bb6 50. Bb2 Ba5 51. Bc1 Be1+ 52. Kh3 Bf2 53. Bb2 Kxg5 54. Kg2 Be3 55. Kf3 Bd2 56. Ke2 Bb4 57. Kf3 Kxh6 58. Bc1+ Kg6 59. Bf4 Be7 60. Be5 Bf6 61. Kf4 Bxe5+ 62. Kxe5 Kf7 63. g5 Ke7 64. a3 Kd7 65. Kf6 Kd6 66. Kg7 e5 67. dxe5+ Kxe5 68. Kxh7 d4 69. g6 d3 70. g7 d2 71. g8Q d1Q 72. Qe8+ Kf4 73. Qe7 Qh5+ 74. Kg7 Qg5+ 75. Qxg5+ Kxg5 76. Kh7 Kf5 77. Kh6 Ke4 78. Kg5 Kd3 79. Kf4 Kd4 80. Kf3 Kc3 81. Ke3 Kb3 82. Kd3 Kxa3 83. Kc2 Ka2 84. Kc1 Ka1 85. Kc2 a3 86. Kc1 a2 1/2-1/2

[Event "Dos Hermanas Rapid op"]
[Site "Dos Hermanas"]
[Date "2025.06.07"]
[Round "1"]
[White "Bernabeu Lopez, Carlos Javier"]
[Black "Sabino, Nuno"]
[Result "1-0"]
[WhiteElo "2417"]
[BlackElo "1737"]
[PlyCount "47"]
[EventDate "2025.06.07"]
[EventType "swiss"]
[EventRounds "8"]
[EventCountry "ESP"]
[SourceTitle "CB24_2025"]
[SourceDate "2025.06.11"]
[SourceVersion "1"]
[SourceVersionDate "2025.06.11"]
[SourceQuality "1"]

1. Nf3 Nc6 2. c4 e5 3. Nc3 Nf6 4. e4 Bc5 5. Nxe5 Bxf2+ 6. Kxf2 Nxe5 7. d4 Neg4+ 8. Kg1 d6 9. h3 Nh6 10. Bg5 Qd7 11. Bxf6 gxf6 12. Nd5 Qd8 13. Qf3 f5 14. Qf4 c6 15. Qxh6 cxd5 16. exd5 Qb6 17. Re1+ Kd7 18. Qf6 Kc7 19. Qxh8 Qxb2 20. Qf6 Bd7 21. c5 dxc5 22. Qe5+ Kd8 23. Qh8+ Kc7 24. d6+ 1-0

[Event "Dos Hermanas Rapid op"]
[Site "Dos Hermanas"]
[Date "2025.06.07"]
[Round "7"]
[White "Bernabeu Lopez, Carlos Javier"]
[Black "Solodovnichenko, Yuri"]
[Result "1-0"]
[WhiteElo "2417"]
[BlackElo "2486"]
[PlyCount "133"]
[EventDate "2025.06.07"]
[EventType "swiss"]
[EventRounds "8"]
[EventCountry "ESP"]
[SourceTitle "CB24_2025"]
[SourceDate "2025.06.11"]
[SourceVersion "1"]
[SourceVersionDate "2025.06.11"]
[SourceQuality "1"]

1. e4 c5 2. Nf3 e6 3. g3 Nc6 4. Bg2 Nf6 5. Nc3 d6 6. 0-0 Be7 7. Re1 0-0 8. d3 h6 9. e5 dxe5 10. Nxe5 Nxe5 11. Rxe5 Qc7 12. Re1 Bd7 13. Bf4 Qc8 14. Ne4 Nxe4 15. Bxe4 Bc6 16. Qf3 Bxe4 17. Qxe4 Bf6 18. Be5 Bxe5 19. Qxe5 Rd8 20. Re4 Rd5 21. Qf4 Qd7 22. a4 Re8 23. Rae1 b6 24. b3 Rd4 25. Qf3 f6 26. Kg2 e5 27. g4 Rd8 28. h4 Rf8 29. Qf5 Qf7 30. h5 Rfd8 31. Kg3 Rxe4 32. Rxe4 Qd7 33. Qxd7 Rxd7 34. f4 exf4+ 35. Kxf4 Kf7 36. Ke3 Rd5 37. c4 Rg5 38. d4 f5 39. gxf5 cxd4+ 40. Rxd4 Ke7 41. Kf4 Rxh5 42. Rd3 Rh1 43. Rg3 Rf1+ 44. Ke5 Re1+ 45. Kf4 Kf6 46. Rg6+ Kf7 47. Rc6 Re7 48. b4 Rd7 49. b5 h5 50. Kg5 Rd1 51. Kxh5 Ra1 52. Kg5 Rxa4 53. Rc7+ Kf8 54. Kg6 Ra1 55. Rf7+ Ke8 56. Rxg7 Rg1+ 57. Kf6 Rc1 58. Rc7 Kd8 59. Rc6 Kd7 60. Kf7 a5 61. Rxb6 Rxc4 62. f6 Rc5 63. Kg6 Rc1 64. f7 Rg1+ 65. Kf6 Rf1+ 66. Kg7 Rg1+ 67. Rg6 1-0

[Event "Titled Tuesday intern op 20th May Late"]
[Site "Chess.com INT"]
[Date "2025.05.20"]
[Round "9"]
[White "Noy, Eyal"]
[Black "Bernabeu Lopez, Carlos Javier"]
[Result "0-1"]
[WhiteElo "2346"]
[BlackElo "2402"]
[PlyCount "62"]
[EventDate "2025.05.20"]
[EventType "swiss (blitz)"]
[EventRounds "11"]
[EventCountry "USA"]
[SourceTitle "CB22_2025"]
[SourceDate "2025.05.28"]
[SourceVersion "1"]
[SourceVersionDate "2025.05.28"]
[SourceQuality "1"]

1. e4 g6 2. d4 Bg7 3. Nc3 d6 4. h4 a6 5. h5 Nc6 6. h6 Bxd4 7. Nf3 Bxc3+ 8. bxc3 Nf6 9. Bd3 Bg4 10. Bg5 Qd7 11. Qd2 Bxf3 12. gxf3 0-0 13. Qf4 Qe6 14. Qe3 Qe5 15. Kd2 Rad8 16. f4 Qc5 17. Qxc5 dxc5 18. Ke3 b5 19. c4 b4 20. e5 Ng4+ 21. Kf3 f6 22. Bh4 Nxh6 23. Bxf6 exf6 24. Rxh6 fxe5 25. Rg1 Rxf4+ 26. Ke3 Ne7 27. Rh5 Rxd3+ 28. cxd3 Nf5+ 29. Ke2 Kg7 30. Rh3 a5 31. Rf3 Nd4+ 0-1

[Event "Titled Tuesday intern op 10th Sep Early"]
[Site "Chess,com INT"]
[Date "2024.09.10"]
[Round "1"]
[White "Bernabeu Lopez, Carlos Javier"]
[Black "Levitan, Judah Nathan"]
[Result "1-0"]
[WhiteElo "2418"]
[BlackElo "1979"]
[PlyCount "51"]
[EventDate "2024.09.10"]
[EventType "swiss (blitz)"]
[EventRounds "11"]
[EventCountry "USA"]
[SourceTitle "EXT 2025"]
[Source "ChessBase"]
[SourceDate "2024.10.14"]
[SourceVersion "1"]
[SourceVersionDate "2024.10.14"]
[SourceQuality "1"]

1. e4 c5 2. Nf3 d6 3. d4 cxd4 4. Nxd4 Nf6 5. Nc3 Nc6 6. Bc4 Qb6 7. Nxc6 bxc6 8. 0-0 g6 9. b3 Bg7 10. Qe1 0-0 11. Bb2 Rd8 12. e5 dxe5 13. Qxe5 Bf5 14. Qe2 Rd7 15. Rad1 Rad8 16. Rxd7 Rxd7 17. Na4 Qc7 18. Be5 Qa5 19. Bc3 Qc7 20. Nc5 Ng4 21. g3 Bxc3 22. Nxd7 Qxd7 23. Rd1 Bd4 24. Kg2 c5 25. Qf3 Bxc2 26. Qxf7+ 1-0

[Event "Titled Tuesday intern op 10th Sep Early"]
[Site "Chess,com INT"]
[Date "2024.09.10"]
[Round "3"]
[White "Bernabeu Lopez, Carlos Javier"]
[Black "Troff, Kayden W"]
[Result "0-1"]
[WhiteElo "2418"]
[BlackElo "2490"]
[PlyCount "66"]
[EventDate "2024.09.10"]
[EventType "swiss (blitz)"]
[EventRounds "11"]
[EventCountry "USA"]
[SourceTitle "EXT 2025"]
[Source "ChessBase"]
[SourceDate "2024.10.14"]
[SourceVersion "1"]
[SourceVersionDate "2024.10.14"]
[SourceQuality "1"]

1. e4 c5 2. Nf3 g6 3. c3 Bg7 4. d4 cxd4 5. cxd4 d5 6. e5 a6 7. h3 Nc6 8. Nc3 f6 9. exf6 Nxf6 10. Bd3 0-0 11. 0-0 Nh5 12. Bc2 Rxf3 13. Qxf3 Nxd4 14. Qd1 e5 15. Bb3 Be6 16. Re1 Qd7 17. Qd3 Rf8 18. Ne2 e4 19. Qe3 Nf5 20. Qb6 Nh4 21. Ng3 Bxh3 22. Rxe4 Nxg2 23. Bg5 Ngf4 24. Re7 Qg4 25. Bxf4 Qf3 26. Bxd5+ Qxd5 27. Qb3 Nxf4 28. Rxb7 Be6 29. Qxd5 Bxd5 30. Rd7 Nh3+ 31. Kh2 Rxf2+ 32. Kxh3 Be6+ 33. Kh4 Bf6# 0-1

[Event "Titled Tuesday intern op 10th Sep Early"]
[Site "Chess,com INT"]
[Date "2024.09.10"]
[Round "6"]
[White "De Winter, Arthur"]
[Black "Bernabeu Lopez, Carlos Javier"]
[Result "1-0"]
[WhiteElo "2440"]
[BlackElo "2418"]
[PlyCount "145"]
[EventDate "2024.09.10"]
[EventType "swiss (blitz)"]
[EventRounds "11"]
[EventCountry "USA"]
[SourceTitle "EXT 2025"]
[Source "ChessBase"]
[SourceDate "2024.10.14"]
[SourceVersion "1"]
[SourceVersionDate "2024.10.14"]
[SourceQuality "1"]

1. e4 e5 2. Nf3 Nc6 3. Bc4 Bc5 4. c3 Nf6 5. d3 d6 6. Bg5 h6 7. Bh4 g5 8. Bg3 a6 9. a4 Ba7 10. Nbd2 Nh7 11. 0-0 Nf8 12. d4 Ng6 13. b4 Qe7 14. b5 Nd8 15. bxa6 bxa6 16. Qe2 0-0 17. Bxa6 Bxa6 18. Qxa6 Ne6 19. Qc4 Nef4 20. Bxf4 Nxf4 21. g3 Ng6 22. h3 Bb6 23. a5 Rxa5 24. Rxa5 Bxa5 25. Ra1 Bb6 26. Qd5 Qf6 27. Kg2 h5 28. Nc4 g4 29. hxg4 hxg4 30. Nh2 exd4 31. Nxb6 cxb6 32. Nxg4 Qg7 33. Qf5 f6 34. Rh1 dxc3 35. Qd5+ Rf7 36. Nh6+ Kf8 37. Qa8+ Ke7 38. Nf5+ Ke6 39. Nxg7+ Rxg7 40. Qd5+ Ke7 41. Qb7+ Kf8 42. Qxb6 c2 43. Qd8+ Kf7 44. Qc7+ Kg8 45. Qxc2 Ne5 46. Qb3+ Rf7 47. Rd1 Kg7 48. Rxd6 Ng6 49. f4 Re7 50. e5 fxe5 51. Rxg6+ Kxg6 52. Qg8+ Kf6 53. Qg5+ Kf7 54. fxe5 Re6 55. Qf5+ Ke7 56. Kf3 Ra6 57. Qh7+ Ke8 58. Qb7 Re6 59. Qc8+ Kf7 60. Qxe6+ Kxe6 61. Kf4 Ke7 62. Kf5 Kf7 63. e6+ Kg7 64. Ke5 Kg8 65. Kd6 Kf8 66. e7+ Kg8 67. e8Q+ Kg7 68. Qe6 Kh7 69. Qf6 Kg8 70. Qe7 Kh8 71. Ke6 Kg8 72. Kf6 Kh8 73. Qg7# 1-0

[Event "Titled Tuesday intern op 10th Sep Early"]
[Site "Chess,com INT"]
[Date "2024.09.10"]
[Round "5"]
[White "Sowinski, Pawel"]
[Black "Bernabeu Lopez, Carlos Javier"]
[Result "0-1"]
[WhiteElo "2469"]
[BlackElo "2418"]
[PlyCount "104"]
[EventDate "2024.09.10"]
[EventType "swiss (blitz)"]
[EventRounds "11"]
[EventCountry "USA"]
[SourceTitle "EXT 2025"]
[Source "ChessBase"]
[SourceDate "2024.10.14"]
[SourceVersion "1"]
[SourceVersionDate "2024.10.14"]
[SourceQuality "1"]

1. Nf3 Nf6 2. g3 g6 3. Bg2 Bg7 4. 0-0 0-0 5. c4 d6 6. d4 Nc6 7. Nc3 Bg4 8. b3 Bxf3 9. Bxf3 Nd7 10. e3 e5 11. Ne2 exd4 12. exd4 Qf6 13. Bxc6 bxc6 14. Bb2 Rfe8 15. Qd3 h5 16. Kg2 h4 17. Rae1 a5 18. Bc3 hxg3 19. fxg3 Qg5 20. Bd2 Qg4 21. h3 Qe4+ 22. Qf3 Qxf3+ 23. Kxf3 a4 24. b4 Nb6 25. Rc1 a3 26. Rc2 Re7 27. Bg5 Re6 28. Nf4 Ree8 29. Ne2 Re6 30. Rd1 Rae8 31. d5 cxd5 32. cxd5 Re4 33. Bf4 R8e7 34. Bg5 f6 35. Bc1 Rxb4 36. Nd4 Ra4 37. Nc6 Ree4 38. Be3 f5 39. Bxb6 cxb6 40. Rd3 b5 41. Rb3 Rac4 42. Rd2 b4 43. Rdd3 Bc3 44. Na5 Rcd4 45. Rxd4 Rxd4 46. Nc6 Rc4 47. Ke3 Kf7 48. Kd3 Re4 49. Rb1 Kf6 50. Rf1 Re1 51. Rxe1 Bxe1 52. h4 b3 0-1

[Event "ESP-chT Rapid"]
[Site "Ubeda"]
[Date "2024.08.25"]
[Round "4.4"]
[White "Alonso Moyano, Jonathan"]
[Black "Bernabeu Lopez, Carlos Javier"]
[Result "0-1"]
[WhiteElo "2336"]
[BlackElo "2413"]
[PlyCount "119"]
[EventDate "2024.08.25"]
[EventType "team-swiss (rapid)"]
[EventRounds "7"]
[EventCountry "ESP"]
[SourceTitle "CBM 221 Extra"]
[Source "ChessBase"]
[SourceDate "2024.09.30"]
[SourceVersion "1"]
[SourceVersionDate "2024.09.30"]
[SourceQuality "1"]
[WhiteTeam "Barbera"]
[BlackTeam "Oromana CEN Solutions"]
[WhiteTeamCountry "ESP"]
[BlackTeamCountry "ESP"]

1. e4 e5 2. Nf3 Nc6 3. Bc4 Nf6 4. d3 Bc5 5. 0-0 d6 6. c3 a6 7. a4 Ba7 8. Be3 0-0 9. Bxa7 Rxa7 10. Re1 Ra8 11. Nbd2 Ne7 12. d4 Ng6 13. g3 c6 14. Bf1 Re8 15. a5 Be6 16. Qc2 h6 17. dxe5 dxe5 18. Bc4 Bg4 19. Be2 Be6 20. Red1 Qc7 21. Bc4 Bg4 22. Be2 Rad8 23. Nc4 Be6 24. Ne3 Rxd1+ 25. Bxd1 Rd8 26. Be2 Ng4 27. Nxg4 Bxg4 28. Kg2 Qe7 29. Rd1 Qc7 30. Rxd8+ Qxd8 31. b4 Qd6 32. h3 Be6 33. Qd2 Qe7 34. Qe3 Qd7 35. h4 Bh3+ 36. Kh2 Bg4 37. Nd2 Bxe2 38. Qxe2 c5 39. Nb3 cxb4 40. cxb4 Nf8 41. Nc5 Qd4 42. Nxb7 Ne6 43. Kg1 Qxb4 44. Qxa6 Qe1+ 45. Qf1 Qxe4 46. a6 Nd4 47. f3 Nxf3+ 48. Kf2 Nd4 49. Qd1 Qc6 50. Qd3 g6 51. Ke1 Kg7 52. Kd2 Qb6 53. Qc4 Qb2+ 54. Kd1 Qb1+ 55. Kd2 Qb2+ 56. Kd1 Nf3 57. Qd5 Qa1+ 58. Ke2 Nd4+ 59. Ke3 Nf5+ 60. Ke2 0-1

[Event "ESP-chT Rapid"]
[Site "Ubeda"]
[Date "2024.08.25"]
[Round "1.8"]
[White "Bernabeu Lopez, Carlos Javier"]
[Black "Martin Cabeza, Nicolas"]
[Result "1-0"]
[WhiteElo "2413"]
[BlackElo "2016"]
[PlyCount "109"]
[EventDate "2024.08.25"]
[EventType "team-swiss (rapid)"]
[EventRounds "7"]
[EventCountry "ESP"]
[SourceTitle "CBM 221 Extra"]
[Source "ChessBase"]
[SourceDate "2024.09.30"]
[SourceVersion "1"]
[SourceVersionDate "2024.09.30"]
[SourceQuality "1"]
[WhiteTeam "Oromana CEN Solutions"]
[BlackTeam "Vetusta Chess"]
[WhiteTeamCountry "ESP"]
[BlackTeamCountry "ESP"]

1. e4 c5 2. Nf3 d6 3. Nc3 Nf6 4. e5 dxe5 5. Nxe5 Nbd7 6. d4 a6 7. Nxd7 Bxd7 8. dxc5 e6 9. Be3 Qc7 10. Qd4 Be7 11. 0-0-0 Rc8 12. Be2 Bxc5 13. Qxc5 Qxc5 14. Bxc5 Rxc5 15. Bf3 b5 16. Rd6 a5 17. Rhd1 Ke7 18. Ne4 Rc7 19. Ra6 Rhc8 20. Rd2 Nxe4 21. Bxe4 a4 22. a3 h6 23. c3 Rc4 24. Bd3 R4c5 25. Be2 Bc6 26. Ra7+ Kf6 27. g3 Bd5 28. Rd4 e5 29. Rb4 Rb8 30. Raxa4 bxa4 31. Rxb8 Bb3 32. Bd1 Bxd1 33. Kxd1 Ra5 34. Rb7 Ke6 35. Kd2 g6 36. c4 f6 37. g4 h5 38. Rb6+ Ke7 39. h3 hxg4 40. hxg4 Kf7 41. Kc3 f5 42. g5 Ra7 43. Rf6+ Kg7 44. c5 f4 45. Re6 Rc7 46. Rxe5 Kf7 47. Kd4 Rd7+ 48. Rd5 Rb7 49. c6 Rxb2 50. c7 Rd2+ 51. Ke5 Rc2 52. Kd6 Ke8 53. Re5+ Kf7 54. Rc5 Rd2+ 55. Ke5 1-0

[Event "ESP-chT CECLUB Div1"]
[Site "Linares"]
[Date "2024.08.23"]
[Round "6.5"]
[White "Domingo Nunez, Alejandro"]
[Black "Bernabeu Lopez, Carlos Javier"]
[Result "1/2-1/2"]
[WhiteElo "2318"]
[BlackElo "2413"]
[PlyCount "63"]
[EventDate "2024.08.18"]
[EventType "team-tourn"]
[EventRounds "7"]
[EventCountry "ESP"]
[SourceTitle "CBM 221 Extra"]
[Source "ChessBase"]
[SourceDate "2024.09.30"]
[SourceVersion "1"]
[SourceVersionDate "2024.09.30"]
[SourceQuality "1"]
[WhiteTeam "Granada Aimpulsa"]
[BlackTeam "Oromana CEN Solutions"]
[WhiteTeamCountry "ESP"]
[BlackTeamCountry "ESP"]

1. e4 e5 2. Nf3 Nc6 3. Bb5 a6 4. Ba4 Nf6 5. 0-0 Nxe4 6. d4 b5 7. Bb3 d5 8. dxe5 Be6 9. c3 Be7 10. Nbd2 Nc5 11. Bc2 d4 12. Nb3 d3 13. Nxc5 dxc2 14. Qxd8+ Rxd8 15. Nxe6 fxe6 16. Be3 Rd5 17. Rfc1 Nxe5 18. Nxe5 Rxe5 19. Rxc2 Kf7 20. c4 b4 21. Bf4 Re4 22. Bxc7 Rc8 23. f3 Rd4 24. Be5 Rdxc4 25. Rxc4 Rxc4 26. Re1 Rc2 27. Kf1 Bc5 28. Re2 Rc1+ 29. Re1 Rc2 30. Re2 Rc1+ 31. Re1 Rc2 32. Re2 1/2-1/2

[Event "ESP-chT CECLUB Div1"]
[Site "Linares"]
[Date "2024.08.18"]
[Round "1.11"]
[White "Sanchez Saez, Francisco"]
[Black "Bernabeu Lopez, Carlos Javier"]
[Result "0-1"]
[WhiteElo "2268"]
[BlackElo "2413"]
[PlyCount "92"]
[EventDate "2024.08.18"]
[EventType "team-tourn"]
[EventRounds "7"]
[EventCountry "ESP"]
[SourceTitle "CBM 221 Extra"]
[Source "ChessBase"]
[SourceDate "2024.09.30"]
[SourceVersion "1"]
[SourceVersionDate "2024.09.30"]
[SourceQuality "1"]
[WhiteTeam "Eva Manises"]
[BlackTeam "Oromana CEN Solutions"]
[WhiteTeamCountry "ESP"]
[BlackTeamCountry "ESP"]

1. e4 e5 2. Nc3 Nf6 3. Bc4 Nc6 4. d3 Bc5 5. f4 0-0 6. Nf3 exf4 7. Bxf4 d6 8. Bg5 h6 9. Bh4 Bg4 10. Nd5 g5 11. Bg3 Na5 12. Nc3 Re8 13. Bb3 d5 14. e5 Nc6 15. Ne2 Nd4 16. Nexd4 Bxd4 17. Qd2 Bxf3 18. gxf3 Bxb2 19. c3 Bxa1 20. 0-0 Nh5 21. d4 Nxg3 22. hxg3 c6 23. Rxa1 Qd7 24. Kg2 f6 25. f4 Qg7 26. Kf2 fxe5 27. dxe5 Rf8 28. Re1 gxf4 29. gxf4 Rxf4+ 30. Qxf4 Rf8 31. Qxf8+ Kxf8 32. Re3 Qg4 33. Rf3+ Ke7 34. Bc2 Ke6 35. Bd1 Qh4+ 36. Kg2 Kxe5 37. Rh3 Qg5+ 38. Kf2 Qd2+ 39. Be2 b5 40. Re3+ Kd6 41. Kf3 Qxa2 42. Bd3 Qd2 43. Bf5 a5 44. Re6+ Kc5 45. Re2 Qg5 46. Re5 a4 0-1

[Event "Oviedo op 10th"]
[Site "Oviedo"]
[Date "2024.08.05"]
[Round "1"]
[White "Fernandez Bonet, Jon"]
[Black "Bernabeu Lopez, Carlos Javier"]
[Result "0-1"]
[WhiteElo "1832"]
[BlackElo "2413"]
[PlyCount "122"]
[EventDate "2024.08.05"]
[EventType "swiss"]
[EventRounds "9"]
[EventCountry "ESP"]
[SourceTitle "CBM 221 Extra"]
[Source "ChessBase"]
[SourceDate "2024.09.30"]
[SourceVersion "1"]
[SourceVersionDate "2024.09.30"]
[SourceQuality "1"]

1. e4 e5 2. Nf3 Nc6 3. Bb5 Nge7 4. 0-0 g6 5. c3 a6 6. Ba4 Bg7 7. d4 exd4 8. cxd4 d5 9. e5 Bg4 10. Be3 0-0 11. Nbd2 f6 12. exf6 Bxf6 13. h3 Bd7 14. Re1 Nf5 15. Nf1 Re8 16. Bb3 Be6 17. Qd2 Qd7 18. N1h2 Nxe3 19. Rxe3 Bg7 20. Qc3 Bf7 21. Rae1 Rxe3 22. Rxe3 Re8 23. Ng4 Rxe3 24. Qxe3 Be6 25. Nge5 Nxe5 26. Nxe5 Qd6 27. Nd3 b6 28. Qf4 Qe7 29. Qe3 Qd6 30. Qf4 Qd7 31. Qe3 Bf6 32. Qf4 Kg7 33. Qe3 Qd6 34. Qf4 Qe7 35. Qe3 Bf5 36. Ne5 c5 37. f4 Be4 38. dxc5 Qxc5 39. Qxc5 bxc5 40. Kf2 Bxe5 41. fxe5 Kf7 42. Kg3 Ke6 43. Kf4 Bxg2 44. h4 h6 45. Bc2 Be4 46. Bxe4 dxe4 47. Kxe4 g5 48. h5 g4 49. b3 g3 50. Kf3 Kxe5 51. Kxg3 Kf5 52. Kh4 Kf4 53. a3 a5 54. a4 Kf5 55. Kh3 Kg5 56. Kg3 Kxh5 57. Kh3 Kg5 58. Kg3 h5 59. Kh3 h4 60. Kg2 Kg4 61. Kh2 h3 0-1

[Event "Dos Hermanas Rapid 36th"]
[Site "Dos Hermanas"]
[Date "2024.06.06"]
[Round "4"]
[White "Bernabeu Lopez, Carlos Javier"]
[Black "Romero Romero, Sebastian"]
[Result "1-0"]
[WhiteElo "2413"]
[BlackElo "2108"]
[PlyCount "85"]
[EventDate "2024.06.06"]
[EventType "swiss (rapid)"]
[EventRounds "8"]
[EventCountry "ESP"]
[SourceTitle "CBM 220 Extra"]
[Source "ChessBase"]
[SourceDate "2024.07.31"]
[SourceVersion "1"]
[SourceVersionDate "2024.07.31"]
[SourceQuality "1"]

1. e4 Nc6 2. Nf3 d6 3. d4 Nf6 4. Nc3 g6 5. d5 Nb8 6. Bc4 Bg7 7. 0-0 0-0 8. h3 c6 9. Re1 b5 10. Bf1 a6 11. dxc6 Nxc6 12. Bg5 Bb7 13. Nd5 Nxd5 14. exd5 Ne5 15. c3 h6 16. Bh4 Rc8 17. Nxe5 dxe5 18. Bg3 Qxd5 19. Qxd5 Bxd5 20. Bxe5 Bxe5 21. Rxe5 e6 22. Re3 Rc5 23. Rd3 Rb8 24. a3 Kf8 25. f4 h5 26. g3 Ke7 27. Kf2 Bc4 28. Rd4 g5 29. b4 Rf5 30. Bxc4 bxc4 31. Rxc4 h4 32. Rc1 Rd8 33. gxh4 gxf4 34. Rd4 Rh8 35. c4 Rxh4 36. c5 Rxh3 37. c6 Rh2+ 38. Kf3 Rh3+ 39. Kg2 Rg3+ 40. Kf2 Rg8 41. Rd7+ Ke8 42. Ra7 f3 43. Ra8+ 1-0